Cililing a veľká záchranná výprava (Record no. 21474)
[ view plain ]
| 000 -LEADER | |
|---|---|
| fixed length control field | 01236nam a2200397 a 4500 |
| 001 - CONTROL NUMBER | |
| control field | 21474 |
| 003 - CONTROL NUMBER IDENTIFIER | |
| control field | CZ PrNK |
| 005 - DATE AND TIME OF LATEST TRANSACTION | |
| control field | 20260302132624.0 |
| 007 - PHYSICAL DESCRIPTION FIXED FIELD--GENERAL INFORMATION | |
| fixed length control field | ta |
| 008 - FIXED-LENGTH DATA ELEMENTS--GENERAL INFORMATION | |
| fixed length control field | 101104s2010 xr a b 000 j slo |
| 015 ## - NATIONAL BIBLIOGRAPHY NUMBER | |
| National bibliography number | cnb002148643 |
| 020 ## - INTERNATIONAL STANDARD BOOK NUMBER | |
| International Standard Book Number | 9788025215265 |
| Qualifying information | (váz.) |
| 035 ## - SYSTEM CONTROL NUMBER | |
| System control number | (OCoLC)697267369 |
| 040 ## - CATALOGING SOURCE | |
| Original cataloging agency | BOA001 |
| Language of cataloging | cze |
| Modifying agency | ABA001 |
| 041 1# - LANGUAGE CODE | |
| Language code of text/sound track or separate title | slo |
| Language code of original | eng |
| 072 #7 - SUBJECT CATEGORY CODE | |
| Subject category code | 821-93 |
| Subject category code subdivision | Literatura pro děti a mládež (beletrie) |
| Source | Konspekt |
| 080 ## - UNIVERSAL DECIMAL CLASSIFICATION NUMBER | |
| Universal Decimal Classification number | 821-93 |
| Edition identifier | MRF |
| 080 ## - UNIVERSAL DECIMAL CLASSIFICATION NUMBER | |
| Universal Decimal Classification number | 821-32 |
| Edition identifier | MRF |
| 080 ## - UNIVERSAL DECIMAL CLASSIFICATION NUMBER | |
| Universal Decimal Classification number | (0:82-32) |
| Edition identifier | MRF |
| 245 00 - TITLE STATEMENT | |
| Title | Cililing a veľká záchranná výprava |
| 260 ## - PUBLICATION, DISTRIBUTION, ETC. | |
| Place of publication, distribution, etc. | V Prahe : |
| Name of publisher, distributor, etc. | Egmont, |
| Date of publication, distribution, etc. | 2010 |
| 300 ## - PHYSICAL DESCRIPTION | |
| Extent | 64 s. : |
| Other physical details | barev. il. ; |
| Dimensions | 29 cm |
| 490 1# - SERIES STATEMENT | |
| Series statement | Disney. Víly |
| 500 ## - GENERAL NOTE | |
| General note | Přeloženo z angličtiny |
| 500 ## - GENERAL NOTE | |
| General note | Název z obálky |
| 655 #7 - INDEX TERM--GENRE/FORM | |
| Genre/form data or focus term | příběhy |
| Source of term | czenas |
| 655 #7 - INDEX TERM--GENRE/FORM | |
| Genre/form data or focus term | publikace pro děti |
| Source of term | czenas |
| 655 #9 - INDEX TERM--GENRE/FORM | |
| Genre/form data or focus term | stories |
| Source of term | eczenas |
| 655 #9 - INDEX TERM--GENRE/FORM | |
| Genre/form data or focus term | children's literature |
| Source of term | eczenas |
| 765 0# - ORIGINAL LANGUAGE ENTRY | |
| Title | Tinker Bell and the great fairy rescue |
| 830 #0 - SERIES ADDED ENTRY--UNIFORM TITLE | |
| Uniform title | Disney. |
| Name of part/section of a work | Víly |
| 856 41 - ELECTRONIC LOCATION AND ACCESS | |
| Uniform Resource Identifier | <a href="http://krameriusndk.nkp.cz/search/handle/uuid:c1676c60-4439-11ef-a491-005056827e51">http://krameriusndk.nkp.cz/search/handle/uuid:c1676c60-4439-11ef-a491-005056827e51</a> |
| Link text | Digitalizovaný dokument |
| 901 ## - LOCAL DATA ELEMENT A, LDA (RLIN) | |
| b | 9788025215265 |
| f | [1. vyd.] |
| o | 20101129 |
| 910 ## - USER-OPTION DATA (OCLC) | |
| User-option data | ABA001 |
| 942 ## - ADDED ENTRY ELEMENTS (KOHA) | |
| Source of classification or shelving scheme | Dewey Decimal Classification |
| Koha item type | Krásna literatúra pre deti |
| Suppress in OPAC | No |
| Stav vyradenia | Strata | Poškodenie | Spôsob nadobudnutia | Domovská knižnica | Aktuálna knižnica | Dátum nadobudnutia | Total checkouts | Čiarový kód exemplára | Date last seen | Typ exemplára |
|---|---|---|---|---|---|---|---|---|---|---|
| Dar | Obecná knižnica Turčianska Štiavnička | Obecná knižnica Turčianska Štiavnička | 02.03.2026 | 4738000172 | 02.03.2026 | Krásna literatúra pre deti |
